Dulces cadenas (Record no. 164508)

MARC details
000 -LEADER
campo de control de longitud fija 00899nam a22001935i 4500
001 - NÚMERO DE CONTROL
campo de control 164508
003 - IDENTIFICADOR DE NÚMERO DE CONTROL
campo de control ES-MaACL
005 - FECHA Y HORA DE LA ÚLTIMA TRANSACCIÓN
campo de control 20230906212941.0
008 - DATOS DE LONGITUD FIJA--INFORMACIÓN GENERAL
campo de control de longitud fija 050805s1866 sp | |||||||| ||spa d
040 ## - FUENTE DE CATALOGACIÓN
Centro catalogador/agencia de origen CAM
Lengua de catalogación spa
Centro/agencia transcriptor CAM
100 1# - ENTRADA PRINCIPAL--NOMBRE DE PERSONA
Nombre de persona San Juan, Luis.
9 (RLIN) 132373
245 10 - MENCIÓN DEL TÍTULO
Título Dulces cadenas
Resto del título : comedia en tres actos y en verso /
Mención de responsabilidad, etc. original de Luis San Juan.
250 ## - MENCION DE EDICION
Mención de edición 3ª ed.
260 ## - PUBLICACIÓN, DISTRIBUCIÓN, ETC.
Lugar de publicación, distribución, etc. Madrid :
Nombre del editor, distribuidor, etc. [Adminsitración Lírico-Dramática],
Fecha de publicación, distribución, etc. 1866 (
Fabricante Imprenta de José Rodriguez)
300 ## - DESCRIPCIÓN FÍSICA
Extensión 101 p. ;
Dimensiones 19 cm.
500 ## - NOTA GENERAL
Nota general En port.: Representado por primera vez en el teatro del Circo el 21 de Febrero de 1866, á beneficio de la primera actriz Adelaida Alvarez.
596 ## - NOTA AL PIE DE IMPRENTA
NOTA AL PIE DE IMPRENTA El ed. consta en la cub. original.
852 ## - LOCALIZACIÓN
Ubicación ES-MaACL
Número de control de estantería D-2492(2)
Nota libre -- Enc. hol. conservando la cub. original
-- -- Dedicatoria ms. del autor a un amigo
-- -- Enc. en un vol. facticio
-- .- Legado M. de la Fuente
Holdings
Estatus retirado Estado de pérdida Estado de daño No para préstamo Colección Biblioteca de origen Biblioteca actual Ubicación en estantería Fecha de adquisición Total de préstamos Signatura topográfica completa Código de barras Visto por última vez Precio de reemplazo Tipo de ítem Koha
        Libros del s. XIX Biblioteca del Ateneo de Madrid Biblioteca del Ateneo de Madrid Sala Valle Inclán 17/01/2008   D-2492(2) 901172443 23/02/2023 23/02/2023 Libro impreso antiguo